000 00283nam a22001337a 4500
008 171030b xxu||||| |||| 00| 0 eng d
020 _a9780030313097
041 _aeng
080 _a336
100 _a56
101 _aFIN
245 _aINTEREST RATES
_cSMITH,S.D
942 _2udc
_cBK
999 _c36320
_d36320